Obrana socialistického štátu : čítanka 2 /
Uložené v:
| Hlavní autori: | , |
|---|---|
| Médium: | Kniha |
| Jazyk: | Slovak |
| Vydané: |
Bratislava :
Rektorát Vysokej školy ekonomickej,
1989
|
| Vydanie: | 1. vyd. |
| ISBN: |
8022500070 (brož.) |
| Fyzický popis: |
116 s. |
| Tagy: |
Pridať tag
Žiadne tagy, Buďte prvý kto otaguje tento záznam!
|
Titul je dostupný aj v ... 

MARC
| LEADER | 00000nam a2200000 a 4500 | ||
|---|---|---|---|
| 001 | 000280708 | ||
| 005 | 20061026171748.0 | ||
| 008 | 060420s1989 xo e 000 0 sloo | ||
| 020 | |a 8022500070 (brož.) | ||
| 040 | |a SVKKK |b slo |c SVKKK |e AACR2 | ||
| 041 | 0 | |a slo | |
| 044 | |a xo |c SK | ||
| 100 | 1 | |a Vaigl, Milan |4 aut | |
| 245 | 1 | 0 | |a Obrana socialistického štátu : |b čítanka 2 / |c Milan Vaigl, Kamil Baxa |
| 250 | |a 1. vyd. | ||
| 260 | |a Bratislava : |b Rektorát Vysokej školy ekonomickej, |c 1989 | ||
| 300 | |a 116 s. | ||
| 700 | 1 | |a Baxa, Kamil |4 aut | |
| 919 | |a 80-225-0007-0 | ||
| 998 | |a BK | ||
| 090 | |g SCKHL |k Sklad Pribinova 3. posch. |a V.165613 |j 784709 |i 2720130919 |s Absenčne | ||